000 00853aam a2200301 i 4500
001 768714001
003 CO-MdFUSB
005 20250503103235.0
007 ta
008 250503t1981 -us |||| |||| 00| 0 eng d
020 _a0-268-00735-7
040 _cCO-MdFUSB
041 0 _aeng
082 0 4 _223
_a241
_bH368c
100 1 _aHauerwas, Stanley (1940-)
_eautor
245 1 2 _aA community of character :
_btoward a constructive christian social ethic
_c/ Stanley Hauerwas
264 1 _bUniversity of Notre Dame Press,
_aNotre Dame, USA :
_c[1981]
264 4 _c©1981
300 _a298 páginas
336 _atexto
_btxt
_2rdacontent
337 _2rdamedia
_asin mediación
_bn
338 _2rdacarrier
_avolumen
_bnc
563 _aRústico
650 7 _aÉtica cristiana
_9185
942 _cBK
945 _aJTF-925
999 _c35358
_d35358